000
00329nam a22001337a 4500
008
170713b xxu||||| |||| 00| 0 eng d
020
_a
9780073386546
041
_a
eng
080
_a
17
100
_a
24
101
_a
FIL
245
_a
THE MORAL OF THE STORY A INTRODUCTION TO ETHICS
_c
ROOSENSTAND.N
942
_2
udc
_c
BK
999
_c
20530
_d
20530